01579nam a2200253 a 4500008004100000020001500041050001500056100002700071245008500098250001100183260003800194300002200232350000900254650004100263650003800304700001600342995015200358995016600510995015300676995016600829995015200995995016101147999001701308120416s1994 ||||||||||||||||| || u a0748717013 aTA 330 Gre aTaylor, Graham William10aBTEC National NII mathematics for technicianscAlex Greer; Graham William Taylor a2nd ed aCheltenhambStanley Thornesc1994 aviii, 448p. : ill a0.00 0aMATHEMATICS--HANDBOOKS, MANUALS, ETC 0aELECTRIC ENGINEERING--MATHEMATICS aGreer, Alex aANNEX COLLECTION (Main Library)D0.00e729860FCBU-MAIN LIBRARY (Kitwe)H1I30000.00jTA 330 GREM1UAVAILABLEy023895ZAnnex Low-Usage Collection  aANNEX COLLECTION (Main Library)D0.00e731984FCBU-MAIN LIBRARY (Kitwe)H2I30000.00jTA 330 GREM2UAVAILABLEWMay 16, 2006y029180ZAnnex Low-Usage Collection  aMAIN LIBRARY OPEN ACCESSD0.00e027974FCBU-MAIN LIBRARY (Kitwe)H4I30000.00jTA 330 GREM4UAVAILABLEy027974ZMain Library Open Access Collection aANNEX COLLECTION (Main Library)D0.00e730819FCBU-MAIN LIBRARY (Kitwe)H3I30000.00jTA 330 GreM3UAVAILABLEWMay 16, 2006y028196ZAnnex Low-Usage Collection  aANNEX COLLECTION (Main Library)D0.00e731985FCBU-MAIN LIBRARY (Kitwe)H5I30000.00jTA 330 GreM5UAVAILABLEy029198ZAnnex Low-Usage Collection  aANNEX COLLECTION (Main Library)D0.00e737639FCBU-MAIN LIBRARY (Kitwe)H1I0.00jTA 330 GREM6UAVAILABLEWFeb 15, 2007y53084ZAnnex Low-Usage Collection  c78880d78880